Music Quiz

Random Music or Lyrics Quiz

Name that song Quiz Stats

 Plays Quiz not verified by Sporcle

Challenge
Share
Tweet
Embed
Score 0/15 Timer 06:00
0 Plays Today
Lyrics Answer % Correct
We need to take it back in time when music made us all unite...Price tag
80%
You're the only one who really knew me at all...Take a look at me now
60%
Tonight is the night,we'll fight till it's over...Can't hold us
55%
But I still wake up,I still see your ghost,oh Lord I'm still not sure,what I stand for oh...Some nights
55%
Take your time,hurry up,the choise is yours don't be lateCome as you are
50%
Look for a girl with a broken smile ask her if she wants to stay a while...She will be loved
40%
I don't wanna miss a single thing you do...Hey soul sister
35%
I just wanna hold you close,feel your heart so close to mine...I don't wanna miss a thing
35%
Lyrics Answer % Correct
He said will you defeat them,your demons and all the non-believers...Welcome to the black parade
30%
You were sorta punk rock I grew up on hip hop...Blue jeans
30%
I would try to change things that killed our love...Still loving you
25%
Now you move so fine let me lay it on the line...Hot blooded
25%
I wanna hide the truth,I wanna shelter you,but with the beast inside,there's nowhere we can hide.Demons
25%
Too long,too late,who was I to make you wait...Far away
20%
I just watched her make the same mistakes again...Nobody's home
20%

You're not logged in!

Compare scores with friends on all Sporcle quizzes.
Join for Free
OR
Log In

You Might Also Like...

Show Comments

Extras

Created Aug 24, 2013ReportNominate
Tags:Lyrics Quiz, Song Quiz, musician

Top Quizzes Today


Score Distribution

Your Account Isn't Verified!

In order to create a playlist on Sporcle, you need to verify the email address you used during registration. Go to your Sporcle Settings to finish the process.

Report this User

Report this user for behavior that violates our Community Guidelines.

Details: